Posúdenie bezpečnosti práce a analýza rizík na vybranom zariadení

Saved in:
Bibliographic Details
Main Author: Otiepková, Simona (Author)
Other Authors: Kuracina, Richard (Thesis advisor)
Format: Manuscript Book
Language:Slovak
Published: 2023
Subjects:
Online Access:http://is.stuba.sk/zp/portal_zp.pl?podrobnosti=161604
Tags: Add Tag
No Tags, Be the first to tag this record!

MARC

LEADER 00000ntm a22000003a 4500
001 stuzp91999
003 SK-STU
005 20230909212159.0
007 ta
008 150427s2015----xo-----f-mn---000-0-slo-d
040 |a STU  |b slo 
041 0 |a slo 
100 1 |a Otiepková, Simona  |u 065000  |4 aut  |U MTF Materiálovotechnologická fakulta  |T MTF Ústav integrovanej bezpečnosti  |X 109887  |U M5000  |Y 85  |7 109887 
242 0 1 |a Assessment of work safety and risk analysis at the selected device  |y eng 
245 1 0 |a Posúdenie bezpečnosti práce a analýza rizík na vybranom zariadení 
260 |c 2023 
650 4 |a stroj  |2 slo 
650 4 |a analýza rizík  |2 slo 
650 4 |a Kontrolný zoznam  |2 slo 
650 4 |a HAZOP  |2 slo 
650 4 |a FTA  |2 slo 
650 4 |a machine  |2 eng 
650 4 |a risk analysis  |2 eng 
650 4 |a CHECKLIST  |2 eng 
650 4 |a HAZOP  |2 eng 
650 4 |a FTA  |2 eng 
700 1 |a Kuracina, Richard  |u 065200  |k Z1  |4 ths  |U MTF Ústav integrovanej bezpečnosti  |T MTF Katedra bezpečnostného inžinierstva  |X 38282  |U M5200  |Y 192  |7 A000038282 
856 4 |u http://is.stuba.sk/zp/portal_zp.pl?podrobnosti=161604 
996 |c M* BP-9647  |l MMSKP  |s P  |a 0  |w stuzp91999_0001